ბათუმის შოთა რუსთაველის სახელმწიფო უნივერსიტეტის ბიბლიოთეკა

მღვდელი სიმონ მჭედლიძე / (ბიბ.ჩანაწერი № 60149)

000 -ლიდერი
ფიქსირებული სიგრძის საკონტროლო ველი 01180nam a22002057a 4500
003 - საკონტროლო ნომრის იდენტიფიკატორი
საკონტროლო ველი Ge_BSU
005 - ბოლო ოპერაციის თარიღი და დრო
საკონტროლო ველი 20230613120548.0
008 - ფიქსირებული სიგრძის მონაცემთა ელემენტები - ზოგადი ინფორმაცია
ფიქსირებული სიგრძის საკონტროლო ველი 230613s1995 ge ||||| |||| 00| 0 geo d
041 ## - ენის კოდი
Language code of text/sound track or separate title geo
080 ## - უნივერსალური ათობითი კლასიფიკაციის ინდექსი
Universal Decimal Classification number 271.22-726.3(479.22) მ-96
245 ## - ცნობა სათაურის შესახებ
Title მღვდელი სიმონ მჭედლიძე /
Statement of responsibility, etc [გამომც.-რედ.: დამანა მელიქიშვილი; დაიბეჭდა ილია II-ის ლოცვა-კურთხევით].
264 ## - წარმოების, გამოცემის, დისტრიბუციის და სხვა ცნობები
გამოცემის, წარმოების, დისტრიბუციის... ადგილი თბილისი :
გამოცემის, წარმოების, დისტრიბუციის... სახელწოდება გულანი,
გამოცემის, წარმოების, დისტრიბუციის... თარიღი 1995.
300 ## - ფიზიკური აღწერა
Extent 104 გვ. ;
Other physical details 20 სმ.
490 ## - სერიის ცნობა
Series statement ახალმოწამენი
500 ## - ზოგადი შენიშვნა
General note დაიბეჭდა საქართველოს კათოლიკოს პატრიარქის უწმინდესისა და უნეტარესის ილია II ლოცვა-კურთხევით
653 ## - INDEX TERM--UNCONTROLLED
Uncontrolled term მჭედლიძე, სიმონ
653 ## - INDEX TERM--UNCONTROLLED
Uncontrolled term ქართველი სამღვდელოება
700 ## - ADDED ENTRY--PERSONAL NAME
Personal name მელიქიშვილი, დამანა
Relator term რედაქტორი
9 (RLIN) 8281
942 ## - ADDED ENTRY ELEMENTS (KOHA)
Source of classification or shelving scheme
Koha item type წიგნი
ეგზემპლარები
ჩამოწერის სტატუსი დაკარგული ეგზემპლარის სტატუსი კლასიფიკაციის წყარო ან თაროზე გაწყობის სქემა დაზიანების სტატუსი არ გაიცემა მუდმივი მდებარეობა (დაცვის ადგილი) ამჟამინდელი ადგილსამყოფელი თაროზე განთავსების ადგილი შეძენის თარიღი ღირებულება, შესყიდვის ნორმალური ფასი სრული შენახვის შიფრი შტრიხკოდი ბოლო ოპერაციის თარიღი ეგზემპლარის მიმდევრობითი ნომერი (კეტერი?) Uniform Resource Identifier ფასის ძალაში შესვლის თარიღი ეგზემპლარის სახეობა საჯარო შენიშვნა
          ბათუმის შოთა რუსთაველის სახელმწიფო უნივერსიტეტის მთავარი ბიბლიოთეკა ბათუმის შოთა რუსთაველის სახელმწიფო უნივერსიტეტის მთავარი ბიბლიოთეკა წიგნსაცავი 2023-06-13 4.00 271.22-726.3(479.22) მ-96 64590 2023-06-13 64590 ბსუ-ს საპატიო დოქტორის გურამ ლორთქიფანიძის საჩუქარი 2023-06-13 წიგნი 4 ლ.